[Event "Kishinev Victoriei Cup"]
[Site "Kishinev"]
[Date "2007.05.07"]
[Round "2"]
[White "Greabca, Vasile"]
[Black "Tufar, Octavian"]
[Result "1-0"]
[WhiteElo "2301"]
[BlackElo "1982"]
[PlyCount "51"]
[EventDate "2007.04.30"]
[EventType "tourn"]
[EventRounds "14"]
[EventCountry "MDA"]
[SourceTitle "EXT 2022"]
[Source "ChessBase"]
[SourceDate "2021.10.06"]
[SourceVersion "1"]
[SourceVersionDate "2021.10.06"]
[SourceQuality "1"]

1. e4 Nf6 2. e5 Nd5 3. d4 d6 4. c4 Nb6 5. exd6 cxd6 6. d5 g6 7. Qd4 f6 8. Nc3 Bg7 9. Qh4 0-0 10. Bh6 a5 11. Bxg7 Kxg7 12. b3 Na6 13. Nf3 Nc5 14. Be2 Nbd7 15. 0-0 Ne5 16. Qd4 Bg4 17. Nxe5 Bxe2 18. Nxg6 Bxf1 19. Nxf8 Bxc4 20. Qxc5 dxc5 21. Ne6+ Kg8 22. Nxd8 Bxd5 23. Nxd5 Rxd8 24. Nxe7+ Kf7 25. Nf5 Rd2 26. Kf1 1-0

[Event "Kishinev Primavara"]
[Site "Kishinev"]
[Date "2007.04.02"]
[Round "1"]
[White "Dolgov, Igor Mikhailovich"]
[Black "Tufar, Octavian"]
[Result "1-0"]
[WhiteElo "2506"]
[BlackElo "1982"]
[PlyCount "51"]
[EventDate "2007.03.30"]
[EventType "tourn"]
[EventRounds "14"]
[EventCountry "MDA"]
[SourceTitle "EXT 2022"]
[Source "ChessBase"]
[SourceDate "2021.10.06"]
[SourceVersion "1"]
[SourceVersionDate "2021.10.06"]
[SourceQuality "1"]

1. e4 e5 2. Nf3 Nc6 3. Bb5 a6 4. Bxc6 dxc6 5. 0-0 f6 6. d4 Bg4 7. dxe5 Qxd1 8. Rxd1 Bxf3 9. gxf3 fxe5 10. f4 Nf6 11. f3 Bd6 12. fxe5 Bxe5 13. f4 Bd6 14. e5 Bc5+ 15. Kg2 Nd5 16. c4 Nb4 17. Nc3 Rf8 18. Kf3 Rd8 19. Rxd8+ Kxd8 20. Be3 Bxe3 21. Rd1+ Ke7 22. Kxe3 c5 23. a3 Nc6 24. Ne4 b5 25. cxb5 axb5 26. Nxc5 1-0

[Event "Kishinev Primavara"]
[Site "Kishinev"]
[Date "2007.04.02"]
[Round "1"]
[White "Greabca, Irina"]
[Black "Tufar, Octavian"]
[Result "1-0"]
[WhiteElo "2162"]
[BlackElo "1982"]
[PlyCount "47"]
[EventDate "2007.03.30"]
[EventType "tourn"]
[EventRounds "14"]
[EventCountry "MDA"]
[SourceTitle "EXT 2022"]
[Source "ChessBase"]
[SourceDate "2021.10.06"]
[SourceVersion "1"]
[SourceVersionDate "2021.10.06"]
[SourceQuality "1"]

1. e4 Nf6 2. e5 Nd5 3. c4 Nb6 4. d4 d6 5. exd6 cxd6 6. Nc3 g6 7. b3 Bg7 8. Bb2 0-0 9. Rc1 Bf5 10. Nf3 e6 11. Be2 d5 12. Ba3 Re8 13. 0-0 Nc6 14. Nb5 Nc8 15. cxd5 exd5 16. Re1 a6 17. Nc3 b5 18. Bc5 Bh6 19. Ra1 Nd6 20. a4 bxa4 21. Nxd5 Ne4 22. Bc4 axb3 23. Bb6 Qd7 24. Rxe4 1-0

[Event "Kishinev Primavara"]
[Site "Kishinev"]
[Date "2007.04.02"]
[Round "1"]
[White "Tufar, Octavian"]
[Black "Khamitskiy, Sergei"]
[Result "0-1"]
[WhiteElo "1982"]
[BlackElo "2345"]
[PlyCount "56"]
[EventDate "2007.03.30"]
[EventType "tourn"]
[EventRounds "14"]
[EventCountry "MDA"]
[SourceTitle "EXT 2022"]
[Source "ChessBase"]
[SourceDate "2021.10.06"]
[SourceVersion "1"]
[SourceVersionDate "2021.10.06"]
[SourceQuality "1"]

1. d4 d5 2. c4 c6 3. Nf3 Nf6 4. e3 a6 5. Bd3 b5 6. b3 Bg4 7. 0-0 e6 8. Nbd2 Nbd7 9. e4 dxe4 10. Nxe4 Be7 11. Bg5 0-0 12. Ned2 e5 13. Qc2 exd4 14. Nxd4 Ne5 15. Nf5 Bb4 16. Bxf6 Qxf6 17. Ne3 Bxd2 18. Qxd2 Rad8 19. Nxg4 Nxg4 20. Qe2 Nxh2 21. Bxh7+ Kxh7 22. Kxh2 Rfe8 23. Qh5+ Kg8 24. Rad1 Rxd1 25. Qxd1 bxc4 26. Qd7 Rd8 27. Qg4 c3 28. Rc1 Qh6+ 0-1